| 000 | 00687cab a2200229 4500 | ||
|---|---|---|---|
| 001 | WB3432-41 | ||
| 008 | 090401t1998 xxu||||| |||| 00| 0 eng d | ||
| 035 | _a(Sirsi) u88075 | ||
| 041 | _aeng | ||
| 245 | _aPark and ride schemes | ||
| 260 | _c1998 | ||
| 350 | _a0 | ||
| 490 |
_aFinancial Times _v19 August 1998, 8(1) |
||
| 520 | _aA survey by Healey & Baker indicates that Park and Ride schemes have had little impact in reducing the number of cars entering town centres. | ||
| 650 | _aPARK AND RIDE | ||
| 650 | _aTOWN CENTRES | ||
| 650 | _aTRAFFIC CONGESTION | ||
| 650 | _aTRAFFIC REDUCTION | ||
| 690 | _aTRANSPORT AND COMMUNICATIONS | ||
| 942 | _n0 | ||
| 948 | _c20/08/1998 | ||
| 999 |
_c55626 _d55626 |
||